Aprender y enseñar ciencia. Del conocimiento cotidiano al conocimiento científico
Guardat en:
| Autors principals: | , |
|---|---|
| Format: | Llibre |
| Idioma: | espanyol |
| Publicat: |
Madrid, España:
Morata,
1998.
|
| Edició: | Primera edición. |
| Col·lecció: | Colección Pedagogía Manuales
|
| Matèries: | |
| Etiquetes: |
Afegir etiqueta
Sense etiquetes, Sigues el primer a etiquetar aquest registre!
|
MARC
| LEADER | 00000cam a2200000 a 4500 | ||
|---|---|---|---|
| 001 | UCN5824 | ||
| 003 | CL-VaPUC | ||
| 005 | 20250220161847.0 | ||
| 008 | 010913e19980000SP |||||||||||||||||spa|d | ||
| 999 | |c 296970 |d 296968 | ||
| 020 | |a 8471124408 | ||
| 040 | |c Pontificia Universidad Católica de Valparaíso | ||
| 082 | 0 | 4 | |a 372.35 POZ 1998 |b |2 21 |
| 100 | 0 | |a Pozo Municio, Juan Ignacio |e autor |9 461525 | |
| 245 | 1 | 0 | |a Aprender y enseñar ciencia. |b Del conocimiento cotidiano al conocimiento científico |
| 250 | |a Primera edición. | ||
| 260 | |a Madrid, España: |b Morata, |c 1998. | ||
| 300 | |a 331 páginas. | ||
| 440 | |a Colección Pedagogía Manuales |9 856756 | ||
| 500 | |a c.9. Donación Familia Prof. Patricio Carvajal Rondanelli. Biblioteca de Alimentos 17-10-2024 | ||
| 583 | |a last modification |c 20170822 01:46:29 |k Rodrigo Vera | ||
| 650 | 0 | |a Educación básica |9 224933 | |
| 650 | 0 | |a Educación científica |9 307484 | |
| 650 | 0 | |a Ciencia y tecnología |9 260585 | |
| 650 | 0 | |a Investigación científica |9 259857 | |
| 650 | 0 | |a Enseñanza de la biología |9 338701 | |
| 650 | 0 | |a enseñanza de la física |9 339846 | |
| 650 | 0 | |a Enseñanza de la química |9 339845 | |
| 700 | 0 | |a Gómez Crespo, Miguel Angel |e author |9 461526 | |
| 852 | |a BIBEDU | ||
| 942 | |c BK |2 ddc | ||
| 945 | |d 20010913 00:00:00 |a rbrito | ||
| 952 | |0 0 |1 0 |4 0 |6 372_350000000000000_POZ_1998 |7 0 |8 A |9 351295 |a FDOPOS |b FDOPOS |d 2019-11-21 |i 3719820 |o 372.35 POZ 1998 |p 3719820 |r 2025-01-22 |w 2019-11-21 |y BK |k MLA | ||
| 952 | |0 0 |1 0 |4 0 |6 372_350000000000000_POZ_1998 |7 0 |8 A |9 351296 |a FDOPOS |b FDOPOS |d 2019-11-21 |i 3772594 |o 372.35 POZ 1998 |p 3772594 |r 2025-01-22 |w 2019-11-21 |y BK |k MLA | ||
| 952 | |0 0 |1 0 |4 0 |6 372_350000000000000_POZ_1998 |7 0 |8 A |9 351297 |a BIBCUR |b BIBCUR |d 2019-11-21 |i 3953173 |o 372.35 POZ 1998 |p 3953173 |r 2025-04-22 |w 2019-11-21 |y BK |k BCB | ||
| 952 | |0 0 |1 0 |4 0 |6 372_350000000000000_POZ_1998 |7 0 |8 A |9 351298 |a BIBCUR |b BIBCUR |d 2019-11-21 |i 4771168 |l 4 |m 2 |o 372.35 POZ 1998 |p 4771168 |r 2025-04-22 |s 2025-03-10 |w 2019-11-21 |y BK |k MDC | ||
| 952 | |0 0 |1 0 |3 erb |4 0 |6 372_350000000000000_POZ_1998 |7 0 |8 R |9 351299 |a BIBEDU |b BIBEDU |c MCIRC |i 5127939 |o 372.35 POZ 1998 |p 5127939 |r 2023-01-13 |w 2019-11-21 |y BK |z Catalogado en:20141204 |k EBA | ||
| 952 | |0 0 |1 0 |3 erb |4 0 |6 372_350000000000000_POZ_1998 |7 0 |8 A |9 351300 |a BIBEDU |b BIBEDU |d 2019-06-12 |e 11 |g 23500.00 |i 5552796 |l 2 |o 372.35 POZ 1998 |p 5552796 |r 2023-03-31 |s 2023-03-24 |v 23500.00 |w 2019-11-21 |y BK |z Catalogado en:20190617 |k EBA | ||
| 952 | |0 0 |1 0 |3 erb |4 0 |6 372_350000000000000_POZ_1998 |7 0 |8 A |9 351301 |a BIBEDU |b BIBEDU |d 2019-06-12 |e 11 |g 23500.00 |i 5552788 |o 372.35 POZ 1998 |p 5552788 |r 2019-11-21 |v 23500.00 |w 2019-11-21 |y BK |z Catalogado en:20190617 |k EBA | ||
| 952 | |0 0 |1 0 |3 erb |4 0 |6 372_350000000000000_POZ_1998 |7 0 |8 A |9 351302 |a BIBEDU |b BIBEDU |d 2019-06-12 |e 11 |g 23500.00 |i 555277K |l 5 |o 372.35 POZ 1998 |p 555277K |r 2021-05-20 |s 2021-04-04 |v 23500.00 |w 2019-11-21 |y BK |z Catalogado en:20190617 |k EBA | ||
| 952 | |0 0 |1 0 |2 ddc |4 0 |6 372_350000000000000_POZ_1998 |7 0 |8 A |9 598162 |a BIBALI |b BIBALI |d 2024-11-20 |e Donación |i 5663370 |o 372.35 POZ 1998 |p 5663370 |r 2025-01-20 |t 9 |w 2024-11-20 |y BK |k ALI | ||